Obálka Náhled e-knihy:
Epub
Pro půjčování e-knih musíte být přihlášeni.
Jak si půjčit online?

Teta /

Autorka, jejíž příběhy píše život sám, se vrací s románem, v němž se mistrovsky proplétají neuvěřitelné osudy a nečekaně napínavé zápletky.

Uloženo v:
Hlavní autor: Perrin, Valérie, 1967- (Autor)
Další autoři: Řihánková, Jitka, 1964- (Autor)
Médium: E-kniha
Jazyk:Czech
Vydáno: V Brně : Jota, 2025
Vydání:Vydání první
Témata:
Tagy:
Žádné tagy
LEADER 02204nam a2200397 i 4500
001 312716
003 CZ PrSKC
005 20260601215727.0
007 ta
008 250516s2025 xr g 000 f cze
015 |a cnb003685409 
020 |a 9788076895997  |q (vázáno) 
035 |a (OCoLC)1527576780 
040 |a ABG001  |b cze  |e rda 
041 1 |a cze  |h fre 
072 7 |a 821.133.1-3  |x Francouzská próza, francouzsky psaná  |2 Konspekt 
080 |a 821.133.1-31  |2 MRF 
080 |a (0:82-31)  |2 MRF 
100 1 |a Perrin, Valérie,  |d 1967-  |7 xx0254603  |4 aut 
240 1 0 |a Tata.  |l Česky 
245 1 0 |a Teta /  |c Valérie Perrinová ; z francouzského originálu Tata ... přeložila Jitka Řihánková 
250 |a Vydání první 
264 1 |a V Brně :  |b Jota,  |c 2025 
300 |a 543 stran ;  |c 22 cm 
336 |a text  |b txt  |2 rdacontent 
337 |a bez média  |b n  |2 rdamedia 
338 |a svazek  |b nc  |2 rdacarrier 
520 2 |a Autorka, jejíž příběhy píše život sám, se vrací s románem, v němž se mistrovsky proplétají neuvěřitelné osudy a nečekaně napínavé zápletky.  |b Píše se rok 2010, když policie kontaktuje Agnès s informací, že její teta Colette Septembrová právě zemřela. Ale to není možné, Colette přece zemřela již před třemi lety. Agnès si myslí, že je to omyl nebo shoda jmen. Přesto se vrací do malého městečka v Burgundsku, aby identifikovala tělo neznámé ženy, která jí zanechala poslední vůli a nahrané audiokazety. Kdo je ta žena? Jestli je to opravdu Colette Septembrová, kdo leží na hřbitově místo ní? Nakladatelská anotace. Kráceno. 
655 7 |a francouzské romány  |7 fd132289  |2 czenas 
655 9 |a French fiction  |2 eczenas 
700 1 |a Řihánková, Jitka,  |d 1964-  |7 xx0034357  |4 trl 
900 |a ABA001  |b 20 
044 |a xr 
910 |a RBIT002 
998 |d 420296  |a https://core.palmknihy.cz/api/books/420296/cover?svuxn1  |b https://core.palmknihy.cz/api/books/420296/cover/400?svuxn1  |c https://core.palmknihy.cz/api/books/420296/cover/50?svuxn1  |e 2029-07-23  |g 544  |i 9788076895997  |j https://core.palmknihy.cz/api/books/420296/preview.epub  |l   |q 49  |r 1  |s https://www.palmknihy.cz/kniha/420296  |t ebook  |y 2025  |z 0 
999 |d 312714